[Event "Benasque op"]
[Site "Benasque"]
[Date "1997.??.??"]
[Round "3"]
[White "Berebora, Ferenc"]
[Black "Giorgadze, Giorgi"]
[Result "0-1"]
[WhiteElo "2390"]
[BlackElo "2595"]

1.d4 Nf6 2.c4 e6 3.Nf3 d5 4.Nc3 c6 5.Qb3 Nbd7 6.Bg5 Be7 7.e3 O-O 8.Rd1 h6
9.Bf4 Nh5 10.Bg3 f5 11.Be2 Qe8 12.Bc7 Nhf6 13.h4 b6 14.cxd5 exd5 15.Bd3 Qh5
16.Ne2 Ne4 17.Nf4 Qf7 18.h5 Re8 19.Ne5 Nxe5 20.Bxe5 Bf6 21.Bxf6 Qxf6 22.Be2 Be6
23.O-O Bf7 24.Qa4 Red8 25.Rc1 c5 26.b3 a6 27.dxc5 bxc5 28.Bd3 Qb6 29.Qa3 Qb4
30.Qxb4 cxb4 31.Bxe4 dxe4 32.Rc5 a5 33.Rxf5 Rd2 34.Rc1 Rxa2 35.Rc7 Bxb3 36.Re5 Rc2
37.Rb7 Kh7 38.Ng6 Rcc8 39.Ree7 Rg8 40.Red7 Be6 41.Rd6 Bg4 42.Nf4 a4 43.Nd5 a3
44.Nxb4 a2 45.Nxa2 Rxa2 46.Rd4 Re8 47.Rbb4 Bxh5 48.Rxe4 Rxe4 49.Rxe4 Bf7
50.Re7 Kg6 51.e4 Kf6 52.Rc7 Ra1+ 53.Kh2 Re1 54.f3 Be6 55.Kg3 Re2  0-1

[Event "Berliner Sommer"]
[Site "Berlin"]
[Date "1997.??.??"]
[Round "3"]
[White "Tregubov, Pavel V"]
[Black "Proehl, Holger"]
[Result "1-0"]
[WhiteElo "2550"]
[BlackElo "2405"]

1.d4 d5 2.c4 e6 3.Nf3 Nf6 4.Nc3 c6 5.Qb3 Nbd7 6.Bg5 Be7 7.e3 O-O 8.Rd1 a6
9.cxd5 exd5 10.Bd3 Re8 11.O-O Nf8 12.Ne5 Ng4 13.Bxe7 Qxe7 14.Nxg4 Bxg4 15.Rde1 Rad8
16.h3 Bc8 17.f4 Nd7 18.f5 Nf6 19.Na4 Qd6 20.Rf3 Re7 21.a3 Rde8 22.Qc2 h6
23.g4 Nd7 24.b4 Qf6 25.Qf2 h5 26.Nc5 Nxc5 27.bxc5 h4 28.Qg2 Qg5 29.Kf2 f6
30.Qh2 Kh8 31.Qf4 Kg8 32.Qxg5 fxg5 33.Ke2 Kf7 34.Kd2 Rf8 35.Kc3 Ke8 36.e4 dxe4
37.Bxe4 Kd8 38.Rfe3 Rfe8 39.Kd3 Bd7 40.R3e2 Kc7 41.Re3 Kd8 42.Bg2 Rxe3+ 43.Rxe3 Rxe3+
44.Kxe3 Ke7 45.d5 cxd5 46.Bxd5 Bc6 47.Bxc6 bxc6 48.Ke4 Ke8 49.Kd3 Kd7 50.Kc4 Kc7
51.Kb3 Kb7 52.Kb4 Kb8 53.Ka5 Ka7 54.Ka4 Ka8 55.Kb3 Kb7 56.Kc2 Kc8 57.Kc3 Kc7
58.Kb4 Kb8 59.a4 Kb7 60.Kc4 Kc8 61.Kd4 Kd7 62.Ke5 a5 63.f6 g6 64.f7 Ke7 65.f8=Q+  1-0

[Event "Biel op MTO"]
[Site "Biel"]
[Date "1997.??.??"]
[Round "7"]
[White "Langeweg, Kick"]
[Black "Bex, Pierre Alain"]
[Result "0-1"]
[WhiteElo "2335"]
[BlackElo "2200"]

1.Nf3 Nf6 2.d4 d5 3.c4 e6 4.Nc3 c6 5.Qb3 Nbd7 6.Bg5 Be7 7.e3 O-O 8.Rd1 Re8
9.Bd3 b6 10.O-O Bb7 11.Qc2 Rc8 12.Ne5 h6 13.Bxf6 Bxf6 14.f4 Qe7 15.cxd5 exd5
16.Bh7+ Kf8 17.Nxd7+ Qxd7 18.Bf5 Qe7 19.Bxc8 Qxe3+ 20.Qf2 Bxc8 21.Qxe3 Rxe3
22.Kf2 Re8 23.Rfe1 Rd8 24.Kf3 Kg8 25.g4 g6 26.Kg3 Kf8 27.Rd2 Bb7 28.h4 Be7
29.a3 Bd6 30.Kf3 Bc8 31.h5 gxh5 32.gxh5 Be7 33.Rg1 Bf6 34.Rdg2 Ke7 35.Rg8 Bxd4
36.Rxd8 Kxd8 37.Rg8+ Kc7 38.Rf8 Be6 39.f5 Bc5 40.Rh8 Bxf5 41.Kf4 Bd3 42.Ke5 b5
43.b4 Be3 44.a4 f6+ 45.Ke6 d4 46.Nd5+ cxd5 47.a5 Be2  0-1

[Event "Bled op18th"]
[Site "Bled"]
[Date "1997.??.??"]
[Round "3"]
[White "Priehoda, Vitezslav"]
[Black "Podkriznik, Gregor"]
[Result "1/2-1/2"]
[WhiteElo "2425"]
[BlackElo "2240"]

1.d4 Nf6 2.c4 c6 3.Nf3 d5 4.Qb3 e6 5.Nc3 Bd6 6.Bg5 h6 7.Bh4 Nbd7 8.e3 O-O
9.Rc1 Re8 10.a3 Be7 11.Bd3 dxc4 12.Bxc4 a6 13.O-O b5 14.Be2 c5 15.Rfd1 c4
16.Qc2 Bb7 17.e4 Nf8 18.h3 Ng6 19.Bg3 Qb6 20.Ne5 Nxe5 21.dxe5 Nh7 22.Kh1 Rad8
23.f4 Rxd1+ 24.Rxd1 Rd8 25.Bf3 Nf8 26.Bf2 Qc7 27.Bd4 Nd7 28.Qf2 Nc5 29.Qe3  1/2-1/2

[Event "FIN-chT 9798"]
[Site "Finland"]
[Date "1997.??.??"]
[Round "1"]
[White "Lindstedt, Johan"]
[Black "Pikler, Tamas"]
[Result "1/2-1/2"]
[WhiteElo "2305"]
[BlackElo "2075"]

1.d4 d5 2.c4 c6 3.Nf3 e6 4.Nc3 Nf6 5.Qb3 Nbd7 6.Bg5 h6 7.Bh4 Qa5 8.Nd2 Qb4
9.Qxb4 Bxb4 10.a3 Bd6 11.e4 dxe4 12.Ndxe4 Nxe4 13.Nxe4 Bc7 14.Bg3 Bxg3 15.hxg3 O-O
16.f4 b6 17.O-O-O Ba6 18.b4 Rfd8 19.c5 Bxf1 20.Rhxf1 a5 21.Nc3 axb4 22.axb4 b5
23.f5 Nf6 24.fxe6 fxe6 25.Kb2 Nd5 26.Nxd5 Rxd5 27.Rfe1 Kf7 28.g4 Rad8 29.Re4 e5
30.Rf1+ Ke6 31.Rf5 Rxd4 32.Rfxe5+ Kf7 33.Re7+ Kg8 34.Re8+ Kh7 35.R8e6 Rd2+
36.Kc1 Rd1+ 37.Kc2 R1d2+ 38.Kc1 Rd1+ 39.Kc2 R8d2+ 40.Kc3 Rd3+ 41.Kc2 R1d2+
42.Kc1 Rxg2 43.Rxc6 Ra3 44.Kb1 Rf3 45.Re1 Rb3+ 46.Ka1 Rxb4 47.g5 Rxg5 48.Rc1 Rg2
49.Ra6 Rgg4 50.Ra3 Rgf4 51.c6 Rf8 52.c7 Rc8 53.Ra6 Rc4 54.Rxc4 bxc4 55.Rc6 Kg8
56.Kb2 Kf7 57.Kc3 Ke8 58.Kxc4 Kd7 59.Kd5 Rxc7 60.Ra6 Ke7 61.Ke5  1/2-1/2

[Event "Bundesliga 9697"]
[Site "Germany"]
[Date "1997.??.??"]
[Round "?.8"]
[White "Reeh, Oliver"]
[Black "Goetz, Ralph"]
[Result "1/2-1/2"]
[WhiteElo "2410"]
[BlackElo "2310"]

1.d4 Nf6 2.c4 e6 3.Nf3 d5 4.Nc3 c6 5.Qb3 dxc4 6.Qxc4 b5 7.Qb3 Nbd7 8.Bg5 Qa5
9.Bxf6 Nxf6 10.e3 a6 11.Be2 c5 12.O-O Bb7 13.Ne5 Be7 14.dxc5 Bxc5 15.Rac1 Rc8
16.a4 b4 17.Nb1 O-O 18.Bf3 Bxf3 19.Nxf3 Nd5 20.Nbd2 Nb6 21.Nc4 Qxa4 22.Qxa4 Nxa4
23.Ra1 Be7 24.Rxa4 Rxc4 25.Rxa6 Rc2 26.Rb1 Rfc8 27.g3 Rc1+ 28.Rxc1 Rxc1+
29.Kg2 g6 30.Nd4 Rb1 31.Ra8+ Kg7 32.Ra7 Kf6 33.Nc6 Bc5 34.Rb7 Rxb2 35.Nd8 Be7
36.Nc6 Bc5 37.Nd8 Bxe3 38.Rxf7+ Kg5 39.Nxe6+ Kh6 40.Kf1 Rxf2+ 41.Rxf2 Bxf2
42.Ke2 g5 43.g4 Bg1 44.h3 Kg6 45.Nf8+ Kg7 46.Nd7 Bd4 47.Kd3 b3 48.Nb8 b2
49.Kc2 Kf6 50.Nc6 Bc3 51.Na7 Ke6 52.Nb5 Bf6 53.Na3 Ke5 54.Kxb2 Kf4+ 55.Kc2 Kg3
56.Nc4 Kxh3 57.Ne3 Be5 58.Kd3 Bf4 59.Nd5 h6 60.Ke2 Kxg4 61.Kf2 Kf5 62.Nc3 g4
63.Kg2 h5 64.Nd1 Be5 65.Nf2 Bd4 66.Nh3 Be3 67.Kg3 Ke4 68.Kg2 h4 69.Kh1 Kf3
70.Kh2 Bf4+ 71.Kh1 Kg3 72.Nf2 Kxf2  1/2-1/2

[Event "Wichern op"]
[Site "Hamburg"]
[Date "1997.??.??"]
[Round "6"]
[White "Lugovoi, Aleksei"]
[Black "Fridman, Daniel"]
[Result "1/2-1/2"]
[WhiteElo "2520"]
[BlackElo "2480"]

1.d4 d5 2.c4 c6 3.Nf3 Nf6 4.Nc3 e6 5.Qb3 dxc4 6.Qxc4 b5 7.Qd3 Be7 8.Bg5 b4
9.Na4 Qa5 10.b3 Ba6 11.Qc2 Nbd7 12.e4 Bxf1 13.Kxf1 c5 14.e5 Nd5 15.Bxe7 Kxe7
16.g3 cxd4 17.Qe4 Nc3 18.Qxd4 Nxa4 19.bxa4 Rhd8 20.Qh4+ Kf8 21.Qxh7  1/2-1/2

[Event "SWE-ch qualB"]
[Site "Haninge"]
[Date "1997.??.??"]
[Round "12"]
[White "Nylen, Anders"]
[Black "Hogberg, Jan"]
[Result "1/2-1/2"]
[WhiteElo "2225"]
[BlackElo "2240"]

1.d4 d5 2.c4 e6 3.Nf3 c6 4.Bf4 Nf6 5.Nc3 Bb4 6.a3 Bxc3+ 7.bxc3 O-O 8.cxd5 exd5
9.e3 Re8 10.Be2 Nbd7 11.O-O Nf8 12.Qc2 Ng6 13.Bg3 Ne4 14.c4 Nxg3 15.hxg3 Bg4
16.Qb3 b6 17.cxd5 Qxd5 18.Qxd5 cxd5 19.Rfc1 a6 20.Rc6 b5 21.a4 bxa4 22.Rd6 Red8
23.Rxd8+ Rxd8 24.Rxa4 Ra8 25.Rxa6 Rxa6 26.Bxa6 Bxf3 27.gxf3 f5 28.Bb7 Ne7
29.Kg2 Kf7 30.e4 fxe4 31.fxe4 dxe4 32.Bxe4 h6 33.Kf3 Nc8 34.Ke3 Nd6 35.Bf3 Kf6
36.Kd3 Ke7 37.Kc3 Kf6 38.Kb4 Ke7 39.Kc5 Nc8 40.Kd5 Nd6 41.Ke5 Kd7 42.Bg4+ Ke7
43.Be6 Nb5 44.d5 Nd6 45.f3 Ne8 46.Kf5 Nd6+ 47.Kg6 Kf8 48.f4 Ne4 49.g4 Nd6
50.Bf5 Ne8 51.Be4 Nd6 52.Bf3 Nc8 53.f5 Ne7+ 54.Kh7 Nc8 55.Kg6 Ne7+ 56.Kh7 Nc8
57.f6 gxf6 58.Kg6 Ke7 59.Kxh6 Nd6 60.Kg6 Nf7 61.Kf5 Nd6+ 62.Kg6 Nf7 63.Be2 Nd6
64.Bd3 Nf7 65.Be4 Nd6 66.Bf5 Nf7 67.Be6 Nd6 68.Kg7 Ne8+ 69.Kh6 Nd6 70.Kg6 Ne8
71.g5 fxg5 72.Kxg5  1/2-1/2

[Event "Krasnodar op"]
[Site "Krasnodar"]
[Date "1997.??.??"]
[Round "?"]
[White "Tregubov, Pavel V"]
[Black "Beshukov, Sergei"]
[Result "1-0"]
[WhiteElo "2525"]
[BlackElo "2435"]

1.d4 d5 2.c4 c6 3.Nf3 Nf6 4.Nc3 e6 5.Qb3 dxc4 6.Qxc4 b5 7.Qd3 Bb7 8.a3 Nbd7
9.e4 b4 10.axb4 Bxb4 11.e5 Nd5 12.Bd2 a5 13.Nxd5 cxd5 14.Bxb4 axb4 15.Rxa8 Qxa8
16.Qb1 h6 17.Bb5 Bc6 18.Bd3 O-O 19.O-O Qb7 20.Rc1 Bb5 21.g3 Ra8 22.Ne1 Bxd3
23.Qxd3 Qb6 24.Kg2 b3 25.Rc3 Ra4 26.Nf3 Rb4 27.Rc8+ Nf8 28.Qc3 Ra4 29.Qc5 Qxc5
30.dxc5 Ra2 31.c6 Rxb2 32.Nd4 Rc2 33.Nxb3 g5 34.Nd4 Rc4 35.c7 Kg7 36.Nb5 Nd7
37.Rd8 Nb6 38.Rb8  1-0

[Event "Newport Masters"]
[Site "Newport"]
[Date "1997.??.??"]
[Round "5"]
[White "Beaumont, Chris"]
[Black "Ansell, Simon"]
[Result "1/2-1/2"]
[WhiteElo "2345"]
[BlackElo "2390"]

1.Nf3 d5 2.d4 c6 3.c4 Nf6 4.Nc3 e6 5.Qb3 Nbd7 6.g3 Bd6 7.Bg2 O-O 8.O-O dxc4
9.Qxc4 e5 10.Rd1 Qe7 11.Bg5 h6 12.Bxf6 Nxf6 13.dxe5 Bxe5 14.Nxe5 Qxe5 15.Qb4 a5
16.Qb6 Ra6 17.Qd4 Qxd4 18.Rxd4 Rb6 19.b3 Rb4 20.Rad1 Be6 21.Rxb4 axb4 22.Na4 Nd7
23.Rd4 b5 24.Nb2 c5 25.Rd6 c4 26.Bd5 Ne5 27.bxc4 bxc4 28.Rxe6 fxe6 29.Bxe6+ Kh8
30.Nxc4 Re8 31.Bd5 Ng4 32.Bf3 Nf6 33.Nb2 g5 34.h3 h5 35.e3 Rd8 36.Nc4 Rc8
37.Ne5 Rc2 38.Nd3 g4 39.hxg4 hxg4 40.Bg2 Rxa2  1/2-1/2

[Event "Pula op"]
[Site "Pula"]
[Date "1997.??.??"]
[Round "8"]
[White "Komic, Ibrahim"]
[Black "Hecimovic, Ivan"]
[Result "1/2-1/2"]
[WhiteElo "2325"]
[BlackElo "2225"]

1.d4 Nf6 2.Nf3 d5 3.c4 c6 4.Nc3 e6 5.Qb3 Nbd7 6.Bf4 dxc4 7.Qxc4 Nd5 8.Bd2 Nxc3
9.bxc3 Bd6 10.g3 O-O 11.Bg2 e5 12.O-O h6  1/2-1/2

[Event "Taastrup 25 Jub"]
[Site "Taastrup"]
[Date "1997.??.??"]
[Round "8"]
[White "Olsen, Heini"]
[Black "Holmsgaard, Henrik"]
[Result "0-1"]
[WhiteElo "2300"]
[BlackElo "2315"]

1.Nf3 d5 2.d4 Nf6 3.c4 c6 4.Nc3 e6 5.Qb3 Nbd7 6.g3 a5 7.a4 Bd6 8.Bg2 O-O
9.O-O Qe7 10.Bg5 h6 11.Bxf6 Nxf6 12.Rfd1 Rb8 13.e3 b6 14.Rac1 Ba6 15.Nd2 Rfc8
16.Bh3 Bb4 17.cxd5 cxd5 18.Bf1 Bxf1 19.Nxf1 Rc4 20.Nd2 Rc7 21.Nf3 Rbc8 22.Rc2 Ne4
23.Rdc1 Bxc3 24.bxc3 Qf6 25.Kg2 Rc6 26.Qb2 Qf5 27.Ne5 R6c7 28.f3 Ng5 29.g4 Qh7
30.h4 f6 31.hxg5 fxe5 32.gxh6 Qxh6 33.Qxb6 Rc6 34.Qb2 Qxe3 35.Re2 Qd3 36.Rxe5 Rxc3
37.Rf1 Rc2+  0-1

[Event "Nordic Grand Prix"]
[Site "Torshavn"]
[Date "1997.??.??"]
[Round "6"]
[White "Tisdall, Jonathan D"]
[Black "Schandorff, Lars"]
[Result "1/2-1/2"]
[WhiteElo "2490"]
[BlackElo "2510"]

1.d4 d5 2.c4 c6 3.Nc3 Nf6 4.Nf3 e6 5.Qb3 dxc4 6.Qxc4 b5 7.Qd3 Bb7 8.e4 b4
9.Na4 Nbd7 10.e5 Nd5 11.Bg5 Qa5 12.b3 N7b6 13.Nxb6 Nxb6 14.Be2 h6 15.Bd2 Qd5
16.O-O a5 17.Rfc1 Ba6 18.Qe3 Bxe2 19.Qxe2 Be7 20.Be3  1/2-1/2

[Event "Ubeda op"]
[Site "Ubeda"]
[Date "1997.??.??"]
[Round "10"]
[White "Buturin, Vladimir"]
[Black "Korneev, Oleg"]
[Result "1/2-1/2"]
[WhiteElo "2465"]
[BlackElo "2590"]

1.d4 d5 2.c4 e6 3.Nc3 c6 4.Nf3 Nf6 5.Qb3 dxc4 6.Qxc4 b5 7.Qb3 Nbd7 8.Bg5 Be7
9.g3 O-O 10.Bg2 b4 11.Na4 Ba6 12.Bxf6 gxf6 13.Qc2 Rc8 14.Rd1 Qa5 15.O-O Bxe2
16.Qxe2 Qxa4 17.b3 Qa5 18.Nd2 Nb6 19.Nc4 Qb5 20.Be4 Qg5 21.h4 Qg7 22.Nxb6 axb6
23.Qf3 f5 24.Bxc6 Qg4 25.Qxg4+ fxg4 26.Be4 Rcd8 27.Kg2 Kg7 28.Rd2 f5 29.Bc6 e5
30.Re1 e4 31.Rc1 Bc5 32.Rcd1 Be7 33.Rc2 Rf6 34.Bb5 Rfd6 35.Rc7 Kf8 36.Kf1 Rxd4
37.Rxd4 Rxd4 38.Rd7 Rd6 39.Rxd6 Bxd6 40.Bd7 f4 41.Bxg4 fxg3 42.Bf5 h6  1/2-1/2

[Event "Honra"]
[Site "Almada"]
[Date "1998.03.02"]
[Round "3"]
[White "Reis, Luis Sousa"]
[Black "Dantas, Carlos"]
[Result "1/2-1/2"]
[WhiteElo "2225"]
[BlackElo "2200"]

1.Nf3 d5 2.c4 c6 3.d4 Nf6 4.Nc3 e6 5.Bf4 dxc4 6.Bxb8 Rxb8 7.Ne5 Bb4 8.Nxc4 Ne4
9.Qd3 Nd6 10.e4 Bxc3+ 11.bxc3 Nxc4 12.Qxc4 O-O 13.Be2 Qc7 14.O-O b6 15.Rad1 Rd8
16.f4 g6 17.Qd3 c5 18.Qe3 Bb7 19.Bf3 cxd4 20.cxd4 Rd7 21.d5 exd5 22.exd5 Rbd8
23.d6 Qc5 24.Qxc5 bxc5 25.Bxb7 Rxb7 26.Rd5 Rbd7 27.f5 c4 28.fxg6 hxg6 29.Rfd1 c3
30.a4 c2 31.Rc1 Rxd6 32.Rxd6 Rxd6 33.Rxc2 Rd1+ 34.Kf2 Ra1 35.Rc4 Ra3 36.g4 Kg7
37.g5 Kg8 38.h4 Kg7 39.Ke2 Kg8 40.Kd2 Kg7 41.Kc2 Kf8 42.Re4 a6 43.Kb2 Rh3
44.Ka2 Rf3 45.Rc4 Rh3 46.Kb2 Ke8 47.Rc6 Rxh4 48.Rxa6 Rf4 49.Ra5 Kd7 50.Kb3 Kc6
51.Rb5 Rg4 52.Re5 Kd6 53.Ra5 Rf4 54.Rb5 Kc6 55.Re5 Kd6 56.Ra5 Kc6  1/2-1/2

[Event "Hamburg-chI"]
[Site "Hamburg"]
[Date "1998.05.29"]
[Round "1"]
[White "Buhr, Carl Christian"]
[Black "Lukacs, Peter"]
[Result "0-1"]
[WhiteElo "2325"]
[BlackElo "2515"]

1.d4 Nf6 2.c4 e6 3.Nf3 d5 4.Nc3 c6 5.Qb3 dxc4 6.Qxc4 b5 7.Qd3 Nbd7 8.g3 b4
9.Ne4 Qa5 10.Nfd2 Ba6 11.Nb3 Qb6 12.Nxf6+ gxf6 13.Qf3 Rc8 14.Be3 Bc4 15.Qh5 Bd5
16.Rg1 Qa6 17.Nd2 b3 18.a3 Qb7 19.Bg2 Bxg2 20.Rxg2 c5 21.Qf3 Qxf3 22.Nxf3 c4
23.Bd2 Nb6 24.Bc3 Na4 25.Kd2 Be7 26.Rgg1 Kd7 27.Rgc1 Bd8 28.Kd1 Nxc3+ 29.Rxc3 Ba5
30.Re3 Kc6 31.Re4 Kd5 32.Rf4 f5 33.Nd2 Bc7 34.Rh4 Bd8 35.Rh5 Kxd4 36.e3+ Kd3
37.Nf3 Bf6 38.Rb1 Rb8 39.Ne1+ Ke4 40.Ke2 Kd5 41.g4 Kd6 42.gxf5 Rb5 43.e4 Re5
44.Ng2 Rxe4+ 45.Kf3 Re5 46.Ne3 Rc5 47.Rd1+ Ke7 48.Rd2 Rb8 49.Nd1 Rd5 50.Ke2 c3  0-1

[Event "Hamburg-chI"]
[Site "Hamburg"]
[Date "1998.06.04"]
[Round "7"]
[White "Pajeken, Wolfgang"]
[Black "Pelletier, Yannick"]
[Result "1/2-1/2"]
[WhiteElo "2290"]
[BlackElo "2515"]

1.c4 e6 2.Nc3 d5 3.d4 c6 4.Nf3 Nf6 5.Qb3 Nbd7 6.g3 Be7 7.Bg2 O-O 8.O-O b6
9.Rd1 Bb7 10.Bg5 Rc8 11.cxd5 exd5 12.Bh3 Ra8 13.Qc2 h6 14.Be3 Ne8 15.Bf4 Bd6
16.Qd2 Qe7 17.Nh4 Bxf4 18.Qxf4 Nd6 19.Nf5 Nxf5 20.Bxf5 Nf6 21.Rd3 Rad8 22.a3 Qd6
23.Qxd6 Rxd6 24.Re3 g6 25.Bh3 Bc8 26.Bxc8 Rxc8 27.b4 Rd7 28.Rc1 Kf8 29.Na4 Ne4
30.Rc2 Rdc7 31.Nb2 Ng5 32.Kg2 Ne6 33.Rd2 Ra8 34.Rb3 Ke7 35.e3 Kd6 36.Nd3 f6
37.Nf4 Nxf4+ 38.gxf4 a5 39.bxa5 b5 40.Kf3 f5 41.Rd1 Rxa5 42.Rg1 Rg7 43.h4 h5
44.Rc3 Ra4 45.Ke2 Kc7 46.Kd3 Kb6 47.Kc2 Rc4 48.Kb2 Rg8 49.Rb3 Rg7 50.Rc3 Rg8
51.Rb3 Rg7  1/2-1/2

[Event "White Nights op"]
[Site "St Petersburg"]
[Date "1998.06.28"]
[Round "9"]
[White "Boukh, Boris"]
[Black "Sinkevich, Petr"]
[Result "1/2-1/2"]
[WhiteElo "2370"]
[BlackElo "2215"]

1.d4 d5 2.c4 c6 3.Nf3 Nf6 4.Qb3 e6 5.Nc3 Nbd7 6.Bg5 h6 7.Bh4 Qa5 8.e3 Ne4
9.Bd3 f5 10.Bxe4 fxe4 11.Nd2 Bd6 12.cxd5 exd5 13.Ndxe4 Bb4 14.Nd2 O-O 15.O-O Kh8
16.f4 Nf6 17.Bxf6 Rxf6 18.e4 dxe4 19.Nc4 Bxc3 20.Nxa5 Bxa5 21.Qe3 Bf5 22.h3 Rd8
23.g4 Bb6 24.Rad1 Rfd6 25.gxf5 Rxd4 26.Kg2 Rxd1 27.Rxd1 Rxd1 28.Qxe4 Bd8
29.Qe8+ Kh7 30.Qf7 b6 31.Qg6+ Kh8 32.Qe8+ Kh7 33.Qg6+ Kh8 34.Qxc6 Rd2+ 35.Kf3 Bf6
36.Qe8+  1/2-1/2

[Event "RUS-Cup06"]
[Site "Nizhnij Novgorod"]
[Date "1998.06.30"]
[Round "2"]
[White "Kharlov, Andrei"]
[Black "Virovlansky, Semen"]
[Result "1-0"]
[WhiteElo "2560"]
[BlackElo "2345"]

1.d4 d5 2.Nf3 c6 3.c4 e6 4.Qb3 Nf6 5.Nc3 Bd6 6.Bg5 Qa5 7.Bxf6 gxf6 8.e3 Nd7
9.Bd3 dxc4 10.Bxc4 Qb4 11.Qxb4 Bxb4 12.a3 Bd6 13.Nd2 Ke7 14.Be2 Nb6 15.Nde4 Bc7
16.O-O f5 17.Nc5 Nd5 18.Rfc1 Bd6 19.Nb3 b6 20.Nd2 Bd7 21.Nc4 Bc7 22.g3 Rac8
23.Bf3 Bb8 24.b4 f6 25.Ne2 Rhd8 26.Rab1 Be8 27.Rb2 Bg6 28.Rbc2 Kd7 29.Nf4 Bf7
30.Nd3 Bg6 31.Be2 Re8 32.Nf4 Bf7 33.Nxd5 exd5 34.Nd2 Bd6 35.Bd3 Be6 36.f4 a5
37.bxa5 bxa5 38.Rc3 Rc7 39.Nf3 Rb8 40.Nh4 a4 41.Bc2 Ra8 42.Kf2 c5 43.Bxf5 c4
44.e4 Bxf5 45.Nxf5 dxe4 46.Ke3 Bf8 47.Rb1 Rcc8 48.d5 Rab8 49.Rxb8 Rxb8 50.Kxe4 Rb3
51.Rxc4 Rxa3 52.d6 Ra1 53.Rc7+ Ke6 54.d7 Re1+ 55.Ne3 Be7 56.Ra7 a3 57.Kf3 a2
58.Rxa2 Kxd7 59.Nd5 Bd8 60.Ra7+ Kd6 61.Rxh7  1-0

[Event "RUS-Cup06"]
[Site "Nizhnij Novgorod"]
[Date "1998.07.05"]
[Round "7"]
[White "Vaulin, Alexander"]
[Black "Kulikov, Alexander O"]
[Result "1/2-1/2"]
[WhiteElo "2535"]
[BlackElo "2395"]

1.d4 d5 2.c4 c6 3.Nf3 Nf6 4.Qb3 e6 5.Nc3 Bd6 6.Bg5 Nbd7 7.e4 dxe4 8.Nxe4 Be7
9.Nxf6+ Bxf6 10.Bxf6 Qxf6 11.O-O-O O-O 12.Qe3 c5 13.Be2 b6 14.d5 exd5 15.Rxd5 Qc6
16.Ne5 Nxe5 17.Rxe5 Be6 18.Bf3 Qa4 19.Bxa8 Qxc4+ 20.Qc3 Qf4+ 21.Qe3 Qc4+
22.Qc3 Qf4+ 23.Kb1 Rxa8 24.Qe3 Qa4 25.b3 Qc6 26.Qf3 Qxf3 27.gxf3 g6 28.Rd1 Kf8
29.Kb2 Ke7 30.f4 Rc8 31.Re4 h5 32.f5 gxf5 33.Rh4 Rh8 34.Kc3 b5 35.Rd3 a5
36.a4 b4+ 37.Kc2 Rc8 38.Re3 Kf6 39.Rxh5 c4 40.bxc4 Rxc4+ 41.Kb2 Rf4 42.f3 Rd4
43.h4 Rd2+ 44.Kb1 Rd1+ 45.Kb2 Rd2+ 46.Kb1 Rd4 47.Kb2 Rd2+  1/2-1/2

[Event "RUS-ch51"]
[Site "St Petersburg"]
[Date "1998.08.04"]
[Round "8"]
[White "Lugovoi, Aleksei"]
[Black "Yagupov, Igor"]
[Result "1/2-1/2"]
[WhiteElo "2525"]
[BlackElo "2450"]

1.d4 d5 2.c4 c6 3.Nf3 Nf6 4.Nc3 e6 5.Qb3 dxc4 6.Qxc4 b5 7.Qd3 a6 8.Bg5 c5
9.Bxf6 gxf6 10.e3 Bb7 11.Be2 Nc6 12.a3 cxd4 13.exd4 b4 14.axb4 Nxb4 15.Qd2 Rb8  1/2-1/2

[Event "Elista ol (Men)"]
[Site "Elista"]
[Date "1998.10.04"]
[Round "6"]
[White "Georgiev, Kiril"]
[Black "Bacrot, Etienne"]
[Result "1-0"]
[WhiteElo "2660"]
[BlackElo "2555"]

1.d4 d5 2.c4 c6 3.Nf3 Nf6 4.Nc3 e6 5.Qb3 a6 6.Bg5 Be7 7.e3 O-O 8.Rc1 Nbd7
9.cxd5 exd5 10.Bd3 Ne4 11.Bf4 Ng5 12.Nxg5 Bxg5 13.Bg3 Re8 14.O-O Bh4 15.Bf4 Nb6
16.Nb1 Bg4 17.Nd2 Bh5 18.Nf3 Bxf3 19.gxf3 g6 20.Bg3 Bf6 21.Kg2 a5 22.a4 Be7
23.Rh1 Bb4 24.h4 h5 25.Bf4 Kh7 26.e4 Qf6 27.Bg5 Qe6 28.e5 Rac8 29.Qd1 Nc4
30.Rc2 c5 31.f4 cxd4 32.Qxh5+ Kg8 33.Qf3 Be7 34.f5 Qxe5 35.Re2 Qd6 36.Rhe1 f6
37.fxg6  1-0

[Event "Nordre Efteraar"]
[Site "Aarhus"]
[Date "1998.10.11"]
[Round "2"]
[White "Czerwonski, Aleksander"]
[Black "Pedersen, Daniel Vesterbaek"]
[Result "1/2-1/2"]
[WhiteElo "2390"]
[BlackElo "2260"]

1.d4 d5 2.c4 c6 3.Nf3 Nf6 4.Nc3 e6 5.Qb3 Be7 6.g3 O-O 7.Bg2 dxc4 8.Qxc4 b5
9.Qb3 Bb7 10.O-O a6 11.Rd1 Nbd7 12.Bf4 Qb6 13.a4 Rac8 14.Ne5 Rfd8 15.Bf3 Ba8
16.Be3 b4 17.Nc4 Qa7 18.Ne4 Nxe4 19.Bxe4 Nf6 20.Bf3 Nd5 21.a5 c5 22.Nb6 Nxb6
23.axb6 Qxb6 24.dxc5 Bxc5 25.Rxd8+ Rxd8 26.Bxc5 Qxc5 27.Rxa6 Bxf3 28.Qxf3 Qc1+
29.Kg2 Qxb2 30.Ra8 Qd4 31.Qb7 Rf8 32.Ra4 Qe5 33.e3 Qb8 34.Rxb4  1/2-1/2

[Event "Bundesliga 9899"]
[Site "Germany"]
[Date "1998.10.18"]
[Round "2.5"]
[White "Hellsten, Johan"]
[Black "Pichler, Juergen"]
[Result "1/2-1/2"]
[WhiteElo "2460"]
[BlackElo "2395"]

1.d4 Nf6 2.c4 e6 3.Nf3 d5 4.Nc3 c6 5.Qb3 dxc4 6.Qxc4 b5 7.Qd3 Bb7 8.a3 b4
9.axb4 Bxb4 10.e4 c5 11.e5 Nfd7 12.Bd2 cxd4 13.Qxd4 Nc6 14.Qg4 O-O 15.Bb5 Qb6
16.Bh6 g6 17.Bxc6 Bxc6 18.O-O Rfc8 19.Ng5 Bxc3 20.bxc3 Qc5 21.Qf4 Qe7 22.c4 f5
23.exf6 Qxf6 24.Qd6 e5 25.Ne6 Re8 26.Qxc6 Qxe6 27.Qxe6+ Rxe6 28.Rfd1 Nf6
29.Ra5 Kf7 30.Bg5 a6 31.c5 Rc8 32.f3 Rec6 33.Be3 Ke6 34.Rb1 Nd5 35.Bf2 Nc7
36.h4 Nb5 37.Re1 Rd8 38.Ra4 Rd5 39.h5 Kf6 40.hxg6 hxg6 41.Rea1 Nd4 42.Rxa6 Rxc5
43.Rxc6+ Rxc6 44.Kf1  1/2-1/2

[Event "Chigorin mem"]
[Site "St. Petersburg"]
[Date "1998.11.07"]
[Round "7"]
[White "Kharlov, Andrei"]
[Black "Popov, Valerij"]
[Result "1-0"]
[WhiteElo "2575"]
[BlackElo "2520"]

1.d4 d5 2.c4 c6 3.Nf3 Nf6 4.Qb3 e6 5.Nc3 dxc4 6.Qxc4 b5 7.Qb3 Nbd7 8.Bg5 h6
9.Bxf6 gxf6 10.g3 Bb7 11.Bg2 a6 12.O-O Be7 13.e4 c5 14.d5 Qb6 15.Rad1 h5
16.Rd2 O-O-O 17.Qc2 Rhg8 18.b3 Bd6 19.a4 Ne5 20.axb5 axb5 21.Rfd1 Nxf3+ 22.Bxf3 h4
23.dxe6 hxg3 24.hxg3 fxe6 25.Nxb5 Bxg3 26.Rxd8+ Rxd8 27.Rxd8+ Kxd8 28.Qd3+ Ke7
29.fxg3 c4+ 30.Qd4 Qxb5 31.bxc4 Qb3 32.Kg2 f5 33.Qc5+ Kd7 34.Qb5+ Qxb5 35.cxb5 fxe4
36.Be2 e3+ 37.Kh3 e5 38.Kg4 Ke6 39.Kg5 Bg2 40.g4 Kd5 41.Kf5 Be4+ 42.Kf6 Kd6
43.g5 Bc2 44.g6 e4 45.Kf5 Ke7 46.Kg5 Bb3 47.Kf5 Ba4 48.Ke5 Bb3 49.g7 Be6  1-0

[Event "Escaldes zt"]
[Site "Escaldes"]
[Date "1998.11.08"]
[Round "3"]
[White "Garcia Ilundain, David"]
[Black "Illescas Cordoba, Miguel"]
[Result "1/2-1/2"]
[WhiteElo "2485"]
[BlackElo "2605"]

1.d4 Nf6 2.Nf3 d5 3.c4 e6 4.Nc3 c6 5.Qb3 dxc4 6.Qxc4 b5 7.Qd3 Nbd7 8.e4 b4
9.Na4 Be7 10.Bg5 h6 11.Bh4 Bb7 12.e5 Nd5 13.Bxe7 Qxe7 14.Rc1 N5b6 15.Nc5 Nxc5
16.dxc5 Nd5 17.Nd2 O-O 18.Ne4 f6 19.exf6 Nxf6 20.Be2 Rad8 21.Qc2 Nxe4 22.Qxe4 Qf6
23.O-O a5 24.Rc2  1/2-1/2

[Event "AUT-chT2O 9899"]
[Site "AUT"]
[Date "1998.11.15"]
[Round "4"]
[White "Schweda, Roland"]
[Black "Pingitzer, Harald"]
[Result "1/2-1/2"]
[WhiteElo "2370"]
[BlackElo "2300"]

1.d4 d5 2.c4 c6 3.Nf3 e6 4.Qb3 Nf6 5.Nc3 Bd6 6.Bg5 h6 7.Bxf6 Qxf6 8.e4 Qe7
9.Bd3 O-O 10.O-O dxc4 11.Bxc4 Nd7 12.e5 Bc7 13.Rfe1 b5 14.Bd3 a6 15.Rac1 c5
16.Bb1 Bb7 17.d5 Ba5 18.Qc2 g6 19.Qd2 Kg7 20.d6 Qd8 21.Be4 Bxe4 22.Rxe4 b4
23.Nd1 b3 24.Qd3 bxa2 25.Qc4 Qb6 26.Qxa2 Bb4 27.Qc4 a5 28.Rh4 a4 29.Qf4 Rh8
30.Ne3 Qd8 31.Rh3 a3 32.bxa3 Rxa3 33.Ng4 g5 34.Qe4 Qa8 35.Qb1 Qd5 36.Ne3 Qd3
37.Qxd3 Rxd3 38.Rg3 f5 39.exf6+ Nxf6 40.h4 Ne4 41.Rg4 Nf6 42.Rg3 Ne4 43.Rg4  1/2-1/2

[Event "Cannes op"]
[Site "Cannes"]
[Date "1998.??.??"]
[Round "3"]
[White "Kinsman, Andrew PH"]
[Black "Korneev, Oleg"]
[Result "0-1"]
[WhiteElo "2430"]
[BlackElo "2560"]

1.d4 d5 2.Nf3 Nf6 3.c4 c6 4.Nc3 e6 5.Qb3 dxc4 6.Qxc4 b5 7.Qd3 Be7 8.a3 O-O
9.e4 a6 10.e5 Nd5 11.Ne4 f5 12.exf6 Nxf6 13.Qc2 Nxe4 14.Qxe4 e5 15.dxe5 Bf5
16.Qd4 c5 17.Qxd8 Bxd8 18.a4 b4 19.Bc4+ Kh8 20.Bd5 Ra7 21.Be3 Be7 22.Ng5 Nd7
23.f4 Bxg5 24.fxg5 Re8 25.Bf4 Nxe5 26.O-O Rd7 27.Bb3 Nd3 28.Bg3 Bg6 29.Rab1 Rd4
30.Bf7 Bxf7 31.Rxf7 c4 32.Rc7 b3 33.Rd1 Rde4 34.h4 R4e7 35.Rc6 Nxb2 36.Rd2 Nd3
37.Rxc4 b2 38.Rd1 Kg8 39.Rc6 Re6 40.Rc7 R6e7 41.Rc6 a5 42.Kh2 Re4 43.Rb6 Rb4  0-1

[Event "Ceske Budejovice op"]
[Site "Ceske Budejovice"]
[Date "1998.??.??"]
[Round "?"]
[White "Namgilov, Sogto"]
[Black "Hrubant, Ivan"]
[Result "1/2-1/2"]
[WhiteElo "2430"]
[BlackElo "2190"]

1.d4 d5 2.c4 c6 3.Nf3 Nf6 4.Nc3 e6 5.Qb3 Nbd7 6.Bg5 Be7 7.e3 O-O 8.Rd1 a6
9.cxd5 cxd5 10.Bd3 b5 11.O-O Bb7 12.a4 b4 13.Na2 a5 14.Bb5 Ba6 15.Bxa6 Rxa6
16.Rc1 Qa8 17.Bxf6 Bxf6 18.Qd3 Rc6 19.b3 Rfc8 20.g3 Rxc1 21.Rxc1 Rxc1+ 22.Nxc1 Qc6
23.Ne2 g6 24.Kg2 Kg7 25.Kf1 Be7 26.h4 Bd6 27.Kg1 Nf6 28.Nd2 h5 29.Kf1 Kf8
30.f3 Kg7 31.Ke1 Qc7 32.Kf2 Qc6 33.Kg2 Kf8 34.e4 dxe4 35.fxe4 Ng4 36.Nc4 Bc7
37.d5 exd5 38.exd5 Qf6 39.Qd4 Be5 40.Nxe5 Nxe5 41.Ng1  1/2-1/2